[Event "WC-2015-Q-00017"]
[Site "LSS email"]
[Date "2012.09.11"]
[Round "?"]
[White "Sanner, Zdzislaw"]
[Black "Sigurdsson, Johann Helgi"]
[Result "0-1"]
[WhiteElo "2195"]
[BlackElo "2219"]
[PlyCount "70"]
[EventDate "2012.09.17"]
[EventType "tourn (corr)"]
[EventRounds "10"]
[EventCountry "GER"]
[SourceTitle "Telechess CBM 167"]
[Source "ChessBase"]
[SourceDate "2015.07.13"]
[SourceVersion "1"]
[SourceVersionDate "2015.07.13"]
[SourceQuality "1"]

1. e4 e5 2. Nf3 Nc6 3. Bc4 Bc5 4. b4 Bxb4 5. c3 Ba5 6. d4 exd4 7. Qb3 Qe7 8. 0-0 Bb6 9. cxd4 Nxd4 10. Nxd4 Bxd4 11. Nc3 Nf6 12. Nb5 Bxa1 13. Nxc7+ Kd8 14. Nxa8 Bd4 15. Be3 Qc5 16. Bxd4 Qxd4 17. Bd5 Nxd5 18. exd5 d6 19. Qg3 Qxd5 20. Qxg7 Qe5 21. Qxf7 Bd7 22. h3 Qf5 23. Qc4 Qc5 24. Qf4 Rg8 25. g3 Re8 26. Rd1 Qe5 27. Qh6 d5 28. Qxh7 Bc6 29. Kh2 Qd6 30. Qg7 Kc8 31. h4 Kb8 32. Rd4 Kxa8 33. h5 Re5 34. Qh8+ Be8 35. Kg2 Re1 0-1

[Event "WC-2015-Q-00017"]
[Site "LSS email"]
[Date "2012.09.11"]
[Round "?"]
[White "Sukhorskij, Vladimir Stanislavo"]
[Black "Sigurdsson, Johann Helgi"]
[Result "1/2-1/2"]
[WhiteElo "2112"]
[BlackElo "2219"]
[PlyCount "60"]
[EventDate "2012.09.17"]
[EventType "tourn (corr)"]
[EventRounds "10"]
[EventCountry "GER"]
[SourceTitle "Telechess CBM 167"]
[Source "ChessBase"]
[SourceDate "2015.07.13"]
[SourceVersion "1"]
[SourceVersionDate "2015.07.13"]
[SourceQuality "1"]

1. e4 e5 2. Nf3 Nf6 3. d4 Nxe4 4. Bd3 d5 5. Nxe5 Nd7 6. Nxd7 Bxd7 7. 0-0 Bd6 8. c4 c6 9. cxd5 cxd5 10. Nc3 Nxc3 11. bxc3 0-0 12. Qh5 g6 13. Qxd5 Qc7 14. g3 Be6 15. Qf3 Qxc3 16. Rb1 Qxd4 17. Be4 Qc4 18. Bxb7 Rad8 19. Bg5 Bg4 20. Qe3 Rb8 21. Rfc1 Qe6 22. Qd4 Be5 23. Qxa7 Qd7 24. Be3 Bf5 25. Rb4 Bh3 26. a3 Bd6 27. Rbb1 Bxa3 28. Rd1 Qe7 29. Bh6 Rfd8 30. Re1 Qc5 1/2-1/2

[Event "WC-2015-Q-00017"]
[Site "LSS email"]
[Date "2012.09.11"]
[Round "?"]
[White "Wosch, Arkadiusz Janusz"]
[Black "Sigurdsson, Johann Helgi"]
[Result "1/2-1/2"]
[WhiteElo "2197"]
[BlackElo "2219"]
[PlyCount "49"]
[EventDate "2012.09.17"]
[EventType "tourn (corr)"]
[EventRounds "10"]
[EventCountry "GER"]
[SourceTitle "Telechess CBM 167"]
[Source "ChessBase"]
[SourceDate "2015.07.13"]
[SourceVersion "1"]
[SourceVersionDate "2015.07.13"]
[SourceQuality "1"]

1. e4 e5 2. Nf3 Nf6 3. Nxe5 d6 4. Nf3 Nxe4 5. d4 d5 6. Bd3 Nc6 7. 0-0 Be7 8. c4 Nb4 9. Be2 0-0 10. Nc3 Bf5 11. a3 Nxc3 12. bxc3 Nc6 13. Re1 Re8 14. Bf4 dxc4 15. Bxc4 Bd6 16. Rxe8+ Qxe8 17. Ng5 Bg6 18. Bxd6 cxd6 19. h4 Qe7 20. Qg4 h6 21. Nh3 Qe4 22. Nf4 Ne5 23. dxe5 Qxc4 24. exd6 Qxc3 25. Qd1 1/2-1/2

[Event "BI-2011-F-00004"]
[Site "LSS email"]
[Date "2012.02.12"]
[Round "?"]
[White "Jonsson, Paul Erik"]
[Black "Sigurdsson, Johann Helgi"]
[Result "0-1"]
[WhiteElo "1698"]
[BlackElo "2205"]
[PlyCount "38"]
[EventDate "2012.02.15"]
[EventType "tourn (corr)"]
[EventRounds "10"]
[EventCountry "GER"]
[SourceTitle "Corr 2015"]
[Source "ChessBase"]
[SourceDate "2015.07.17"]
[SourceVersion "1"]
[SourceVersionDate "2015.07.17"]
[SourceQuality "1"]

1. e4 e5 2. Nf3 Nc6 3. Bb5 a6 4. Ba4 Nf6 5. 0-0 Be7 6. Re1 b5 7. Bb3 d6 8. c3 0-0 9. h3 Nb8 10. d4 Nbd7 11. Nbd2 Bb7 12. Bc2 Re8 13. Nf1 Bf8 14. Ng3 g6 15. b3 Bg7 16. d5 Rc8 17. Be3 c6 18. c4 Nb6 19. Qe2 cxd5 0-1

[Event "WC-2016-P-00006"]
[Site "LSS email"]
[Date "2012.02.12"]
[Round "?"]
[White "Pott, Brian"]
[Black "Sigurdsson, Johann Helgi"]
[Result "0-1"]
[WhiteElo "1833"]
[BlackElo "2207"]
[PlyCount "70"]
[EventDate "2012.02.15"]
[EventType "tourn (corr)"]
[EventRounds "12"]
[EventCountry "GER"]
[SourceTitle "Telechess CBM 165"]
[Source "ChessBase"]
[SourceDate "2015.03.11"]
[SourceVersion "1"]
[SourceVersionDate "2015.03.11"]
[SourceQuality "1"]

1. e4 e5 2. Nf3 Nc6 3. Bb5 a6 4. Ba4 d6 5. c3 Bd7 6. 0-0 Nf6 7. Re1 g6 8. d3 Bg7 9. Nbd2 0-0 10. Nf1 Qe8 11. Bc2 Nh5 12. Ng3 Nf4 13. d4 Qe7 14. Bxf4 exf4 15. Ne2 Bh6 16. h3 Rad8 17. c4 Qf6 18. Nc3 Qg7 19. Nd5 Kh8 20. Nxc7 g5 21. Nh2 Nxd4 22. Nd5 Rfe8 23. Bd3 Qg6 24. Rb1 Bg7 25. Nf3 Nxf3+ 26. Qxf3 Be5 27. Be2 Bg7 28. Bd3 Re5 29. Bc2 Rde8 30. Rec1 Bh6 31. Qc3 g4 32. hxg4 Bxg4 33. f3 Bh3 34. g4 fxg3 35. Rd1 Qh5 0-1

[Event "WC-2016-P-00006"]
[Site "LSS email"]
[Date "2012.02.12"]
[Round "?"]
[White "Sigurdsson, Johann Helgi"]
[Black "Bendig, Frank"]
[Result "1-0"]
[WhiteElo "2207"]
[BlackElo "2139"]
[PlyCount "107"]
[EventDate "2012.02.15"]
[EventType "tourn (corr)"]
[EventRounds "12"]
[EventCountry "GER"]
[SourceTitle "Telechess CBM 165"]
[Source "ChessBase"]
[SourceDate "2015.03.11"]
[SourceVersion "1"]
[SourceVersionDate "2015.03.11"]
[SourceQuality "1"]

1. c4 g6 2. g3 c5 3. Bg2 Bg7 4. Nc3 Nc6 5. Nf3 e6 6. d3 Nge7 7. h4 d5 8. h5 dxc4 9. dxc4 Qxd1+ 10. Nxd1 b6 11. h6 Bf6 12. Bg5 Bxg5 13. Nxg5 0-0 14. Ne4 f6 15. Ndc3 Ba6 16. 0-0-0 Bxc4 17. Rd6 Rad8 18. Rhd1 Rxd6 19. Rxd6 Ne5 20. f4 Ng4 21. Rd7 Nf5 22. Rxa7 Bd5 23. Bf3 Nge3 24. Ra6 Bxe4 25. Bxe4 Nxg3 26. Rxb6 Rd8 27. Bf3 e5 28. fxe5 fxe5 29. b3 c4 30. b4 Rd4 31. Re6 e4 32. Nxe4 Nxe4 33. Rxe4 Rd1+ 34. Kb2 Rd2+ 35. Kc3 Rc2+ 36. Kd4 Nf5+ 37. Kc5 Rxa2 38. Rxc4 Nxh6 39. b5 Nf7 40. b6 Rb2 41. Rb4 Rc2+ 42. Kd4 Rd2+ 43. Ke3 Rd8 44. b7 Rb8 45. Ra4 Ne5 46. Ra8 Nd7 47. Bd5+ Kf8 48. Kd4 Ke7 49. e4 h5 50. e5 h4 51. e6 Rxb7 52. Bxb7 Kxe6 53. Bc8 Kd6 54. Ra6+ 1-0

[Event "BI-2011-F-00004"]
[Site "LSS email"]
[Date "2012.02.12"]
[Round "?"]
[White "Sigurdsson, Johann Helgi"]
[Black "Degterev, Pavel"]
[Result "1/2-1/2"]
[WhiteElo "2205"]
[BlackElo "2230"]
[PlyCount "112"]
[EventDate "2012.02.15"]
[EventType "tourn (corr)"]
[EventRounds "10"]
[EventCountry "GER"]
[SourceTitle "Telechess CBM 165"]
[Source "ChessBase"]
[SourceDate "2015.03.11"]
[SourceVersion "1"]
[SourceVersionDate "2015.03.11"]
[SourceQuality "1"]

1. c4 Nf6 2. Nc3 e6 3. e4 c5 4. e5 Ng8 5. Nf3 Nc6 6. d4 cxd4 7. Nxd4 Nxe5 8. Ndb5 f6 9. Be3 a6 10. Nd6+ Bxd6 11. Qxd6 Ne7 12. Bb6 Nf5 13. Qb4 Qe7 14. Qxe7+ Nxe7 15. f4 Nf7 16. c5 d5 17. cxd6 Nd5 18. Nxd5 exd5 19. Rd1 Be6 20. f5 Bxf5 21. Rxd5 Ne5 22. Kf2 Kd7 23. Rd4 h5 24. h3 Rac8 25. Bc7 Rce8 26. Be2 Nc6 27. Rd2 Re5 28. Rhd1 Be4 29. Bb6 Rc8 30. Bc7 h4 31. Bg4+ f5 32. Be2 Nd8 33. Bxd8 Rxd8 34. Bf3 Bc6 35. Rc1 Rc8 36. Rc4 g5 37. Rdc2 Ree8 38. Rc5 Rf8 39. Re5 Kxd6 40. Rec5 g4 41. Bxc6 Rxc6 42. Rxc6+ bxc6 43. Rc4 Rg8 44. Rf4 Ke5 45. Ra4 c5 46. b3 Rg5 47. Rc4 Kd6 48. Ra4 Kd5 49. Ke3 Ke5 50. Kf2 Rg7 51. Rc4 Kd5 52. Rf4 Kc6 53. Rxf5 gxh3 54. gxh3 Rg3 55. Rf3 Rxf3+ 56. Kxf3 Kb5 1/2-1/2

[Event "WC-2016-P-00006"]
[Site "LSS email"]
[Date "2012.02.12"]
[Round "?"]
[White "Sigurdsson, Johann Helgi"]
[Black "Pott, Brian"]
[Result "1/2-1/2"]
[WhiteElo "2207"]
[BlackElo "1833"]
[PlyCount "67"]
[EventDate "2012.02.15"]
[EventType "tourn (corr)"]
[EventRounds "12"]
[EventCountry "GER"]
[SourceTitle "Telechess CBM 165"]
[Source "ChessBase"]
[SourceDate "2015.03.11"]
[SourceVersion "1"]
[SourceVersionDate "2015.03.11"]
[SourceQuality "1"]

1. c4 Nf6 2. g3 g6 3. Bg2 Bg7 4. Nc3 0-0 5. e4 d6 6. Nge2 e5 7. 0-0 Nbd7 8. f4 Nc5 9. d3 a5 10. f5 c6 11. h3 d5 12. fxg6 hxg6 13. exd5 cxd5 14. cxd5 Bf5 15. Be3 Rc8 16. Qd2 Re8 17. Rad1 b5 18. g4 Bxd3 19. Bxc5 Bxe2 20. Qxe2 Rxc5 21. Qe3 Rc8 22. d6 Re6 23. Nxb5 Qd7 24. a4 e4 25. Rd4 Ne8 26. Rxe4 Rxe4 27. Qxe4 Nxd6 28. Qd5 Rd8 29. Nxd6 Qxd6 30. Qxf7+ Kh7 31. Qf4 Qb6+ 32. Kh1 Qb3 33. Qc7 Rd1 34. Rxd1 1/2-1/2

[Event "WC-2016-P-00006"]
[Site "LSS email"]
[Date "2012.02.12"]
[Round "?"]
[White "Sigurdsson, Johann Helgi"]
[Black "Trevis, Robert R"]
[Result "1-0"]
[WhiteElo "2207"]
[BlackElo "1066"]
[PlyCount "71"]
[EventDate "2012.02.15"]
[EventType "tourn (corr)"]
[EventRounds "12"]
[EventCountry "GER"]
[SourceTitle "Telechess CBM 165"]
[Source "ChessBase"]
[SourceDate "2015.03.11"]
[SourceVersion "1"]
[SourceVersionDate "2015.03.11"]
[SourceQuality "1"]

1. Nf3 d5 2. c4 c6 3. b3 Nf6 4. Bb2 Bg4 5. Ne5 Bf5 6. g3 e6 7. Bg2 Nbd7 8. 0-0 Be7 9. d3 0-0 10. Nd2 Qc7 11. Ndf3 Bb4 12. Qc2 Rad8 13. Nxd7 Nxd7 14. Nd4 Bg4 15. cxd5 exd5 16. Bxd5 Qa5 17. Bg2 Rfe8 18. a3 Bd2 19. b4 Qg5 20. Rad1 Bxe2 21. Nxe2 Rxe2 22. Bf3 Rde8 23. Bxe2 Rxe2 24. Bc3 Bxc3 25. Qxe2 Qd5 26. Qe4 Qd6 27. d4 Nf6 28. Qe5 Qd8 29. Rd3 Nd5 30. Rc1 Bb2 31. Rc2 Ba1 32. Rd1 Bc3 33. Rdc1 c5 34. Rxc3 Nxc3 35. Rxc3 cxd4 36. Qxd4 1-0

[Event "BI-2011-F-00004"]
[Site "LSS email"]
[Date "2012.02.12"]
[Round "?"]
[White "Simmelink, Joop Theo"]
[Black "Sigurdsson, Johann Helgi"]
[Result "1/2-1/2"]
[WhiteElo "2308"]
[BlackElo "2205"]
[PlyCount "43"]
[EventDate "2012.02.15"]
[EventType "tourn (corr)"]
[EventRounds "10"]
[EventCountry "GER"]
[SourceTitle "Telechess CBM 165"]
[Source "ChessBase"]
[SourceDate "2015.03.11"]
[SourceVersion "1"]
[SourceVersionDate "2015.03.11"]
[SourceQuality "1"]

1. e4 e5 2. Nf3 Nf6 3. d4 Nxe4 4. Bd3 d5 5. Nxe5 Nd7 6. Nxd7 Bxd7 7. 0-0 Bd6 8. c4 c6 9. Nc3 0-0 10. cxd5 Nxc3 11. bxc3 cxd5 12. Qh5 g6 13. Qxd5 Qc7 14. Bh6 Rfd8 15. Qg5 Qxc3 16. Qf6 Bf8 17. Bxf8 Rxf8 18. Be4 Bc6 19. Rac1 Qa5 20. Bxc6 bxc6 21. Qxc6 Qxa2 22. d5 1/2-1/2

[Event "WC-2016-P-00006"]
[Site "LSS email"]
[Date "2012.02.12"]
[Round "?"]
[White "Thurrott, Allan"]
[Black "Sigurdsson, Johann Helgi"]
[Result "1-0"]
[WhiteElo "1989"]
[BlackElo "2207"]
[PlyCount "115"]
[EventDate "2012.02.15"]
[EventType "tourn (corr)"]
[EventRounds "12"]
[EventCountry "GER"]
[SourceTitle "Telechess CBM 165"]
[Source "ChessBase"]
[SourceDate "2015.03.11"]
[SourceVersion "1"]
[SourceVersionDate "2015.03.11"]
[SourceQuality "1"]

1. e4 e5 2. Nf3 Nc6 3. Bb5 a6 4. Ba4 d6 5. 0-0 Bd7 6. c3 Nf6 7. Re1 g6 8. d4 b5 9. Bc2 Bg7 10. Nbd2 0-0 11. h3 Nh5 12. Nf1 Qc8 13. Bg5 h6 14. Be3 Rb8 15. Qd2 g5 16. Ng3 Nxg3 17. fxg3 b4 18. Rab1 a5 19. g4 bxc3 20. bxc3 Rxb1 21. Rxb1 Qa8 22. d5 Ne7 23. c4 c5 24. Qc3 Qa6 25. Qb3 Ra8 26. Qb7 Qa7 27. Nd2 Nc8 28. Nf1 Bf6 29. Ng3 Bd8 30. Qb2 Nb6 31. Bd3 Na4 32. Qf2 Rb8 33. Rf1 Bc8 34. Nh5 Qe7 35. Nf6+ Qxf6 36. Qxf6 Bxf6 37. Rxf6 Nb2 38. Bf1 Nd1 39. Bd2 Rb6 40. Bxa5 Ra6 41. Bc7 Ne3 42. Rxh6 Nxf1 43. Kxf1 Rxa2 44. Rxd6 Ba6 45. Rd8+ Kg7 46. Bxe5+ f6 47. Bd6 Bxc4+ 48. Kg1 Bd3 49. Re8 Re2 50. Re7+ Kg6 51. e5 fxe5 52. Bxe5 Bc4 53. d6 Bb5 54. g3 Bc6 55. Rg7+ Kh6 56. Rc7 Rxe5 57. Rxc6 Kg7 58. d7 1-0

[Event "RM-2011-0-00081"]
[Site "LSS email"]
[Date "2011.11.06"]
[Round "?"]
[White "Ramponelli, Roberto"]
[Black "Sigurdsson, Johann Helgi"]
[Result "1/2-1/2"]
[WhiteElo "2164"]
[BlackElo "2219"]
[PlyCount "60"]
[EventDate "2011.07.20"]
[EventType "tourn (corr)"]
[EventRounds "6"]
[EventCountry "GER"]
[SourceTitle "Telechess CBM 149"]
[Source "ChessBase"]
[SourceDate "2012.07.17"]
[SourceVersion "1"]
[SourceVersionDate "2012.07.17"]
[SourceQuality "1"]

1. e4 e5 2. Nf3 Nc6 3. Bb5 g6 4. c3 a6 5. Ba4 d6 6. d4 Bd7 7. 0-0 Bg7 8. Re1 b5 9. Bb3 Nf6 10. Bg5 0-0 11. Nbd2 h6 12. Bh4 Re8 13. h3 Qc8 14. dxe5 Nxe5 15. Nxe5 dxe5 16. a4 Qb7 17. axb5 axb5 18. Rxa8 Qxa8 19. Qf3 g5 20. Bg3 c5 21. Qe2 c4 22. Bc2 Qa2 23. Rb1 Bc6 24. Nf1 Qa8 25. Re1 Nd7 26. f3 Nc5 27. Ne3 Ne6 28. Nf5 Nf4 29. Qe3 Bd7 30. Nxg7 Kxg7 1/2-1/2

[Event "RM-2011-0-00081"]
[Site "LSS email"]
[Date "2011.11.06"]
[Round "?"]
[White "Sigurdsson, Johann Helgi"]
[Black "Nichols, Scott"]
[Result "1/2-1/2"]
[WhiteElo "2219"]
[BlackElo "2245"]
[PlyCount "44"]
[EventDate "2011.07.20"]
[EventType "tourn (corr)"]
[EventRounds "6"]
[EventCountry "GER"]
[SourceTitle "Telechess CBM 149"]
[Source "ChessBase"]
[SourceDate "2012.07.17"]
[SourceVersion "1"]
[SourceVersionDate "2012.07.17"]
[SourceQuality "1"]

1. c4 e5 2. g3 Nf6 3. Bg2 Bc5 4. Nc3 Nc6 5. Nf3 d6 6. d3 h6 7. 0-0 0-0 8. a3 a5 9. e3 Bf5 10. b3 Qd7 11. Bb2 Bb6 12. d4 exd4 13. Nd5 Nxd5 14. cxd5 Ne5 15. Bxd4 Bg4 16. Bxb6 Nxf3+ 17. Bxf3 Bxf3 18. Qxf3 cxb6 19. Qe4 Rfc8 20. Rfc1 Qb5 21. b4 Qa4 22. Rcb1 Rc3 1/2-1/2

[Event "RM-2011-0-00080"]
[Site "LSS email"]
[Date "2011.11.04"]
[Round "?"]
[White "Sigurdsson, Johann Helgi"]
[Black "Szabo, Mihaly"]
[Result "1-0"]
[WhiteElo "2226"]
[BlackElo "2232"]
[PlyCount "145"]
[EventDate "2011.07.02"]
[EventType "tourn (corr)"]
[EventRounds "6"]
[EventCountry "GER"]
[SourceTitle "Telechess CBM 157"]
[Source "ChessBase"]
[SourceDate "2013.11.12"]
[SourceVersion "1"]
[SourceVersionDate "2013.11.12"]
[SourceQuality "1"]

1. c4 Nf6 2. g3 e5 3. Bg2 d5 4. cxd5 Nxd5 5. Nf3 Nc6 6. 0-0 Nb6 7. Nc3 Be7 8. a3 0-0 9. b4 Be6 10. Rb1 f6 11. d3 a5 12. b5 Nd4 13. Nd2 Qc8 14. e3 Nf5 15. Bb2 Rd8 16. Qc2 Nd6 17. Rbc1 a4 18. Nde4 Ne8 19. Rfe1 Ra5 20. Qe2 Bf7 21. f4 exf4 22. exf4 Bf8 23. Qf2 Qf5 24. Rcd1 Nc8 25. Bf3 b6 26. g4 Qd7 27. Re3 Ncd6 28. g5 Nxe4 29. Rxe4 Qf5 30. Kh1 fxg5 31. fxg5 Nd6 32. Rd4 Nb7 33. Rf1 Rxd4 34. Qxd4 Nd6 35. Bg2 Qxg5 36. Bc6 Qh5 37. Qf2 h6 38. Qg2 Nf5 39. Ne4 Bg6 40. Qf2 Qh3 41. Bc3 Qxd3 42. Bxa5 bxa5 43. Qf3 Qxf3+ 44. Rxf3 Be7 45. Bd5+ Kh7 46. Rc3 Bd8 47. Kg1 Nd4 48. Rc5 Bf5 49. Kf2 Bd7 50. Nc3 g6 51. Ba8 Bh4+ 52. Kg2 Ne6 53. Rc4 Be7 54. Bc6 Bc8 55. Rxa4 Bc5 56. Rxa5 Nf4+ 57. Kf3 g5 58. Ne4 Bd4 59. h4 Ng6 60. hxg5 Ne5+ 61. Kf4 Ng6+ 62. Kg3 hxg5 63. Nxg5+ Kh6 64. Nf3 Bc5 65. Ra8 Bd6+ 66. Kf2 Bc5+ 67. Ke2 Ne7 68. Be4 Kg7 69. a4 Kf6 70. Kd3 Bd7 71. Rd8 Bh3 72. Rh8 Bd7 73. Kc4 1-0

[Event "RM-2011-0-00081"]
[Site "LSS email"]
[Date "2011.10.27"]
[Round "?"]
[White "Konstantinov, Maxim"]
[Black "Sigurdsson, Johann Helgi"]
[Result "1-0"]
[WhiteElo "2196"]
[BlackElo "2219"]
[PlyCount "111"]
[EventDate "2011.07.20"]
[EventType "tourn (corr)"]
[EventRounds "6"]
[EventCountry "GER"]
[SourceTitle "Telechess CBM 149"]
[Source "ChessBase"]
[SourceDate "2012.07.17"]
[SourceVersion "1"]
[SourceVersionDate "2012.07.17"]
[SourceQuality "1"]

1. d4 d5 2. c4 e6 3. Nf3 Nf6 4. Nc3 Be7 5. Bg5 h6 6. Bxf6 Bxf6 7. Qc2 0-0 8. 0-0-0 Nc6 9. e4 dxc4 10. e5 Be7 11. Bxc4 Nb4 12. Qe4 c6 13. h4 b5 14. Be2 Rb8 15. a3 Nd5 16. Bd3 f5 17. exf6 Nxf6 18. Qg6 Qe8 19. Ne5 Qxg6 20. Nxg6 Re8 21. Rhe1 Rb7 22. Nxe7+ Rbxe7 23. Bc2 Rd8 24. b4 a5 25. bxa5 Ra7 26. Kb2 Rxa5 27. Bb3 Kf7 28. Ne4 Nxe4 29. Rxe4 Ra7 30. h5 Rd6 31. Rd3 Rc7 32. Rf3+ Kg8 33. Ref4 Rd8 34. Rf5 Ra7 35. Kc3 Rxa3 36. Rf7 Rxb3+ 37. Kxb3 e5 38. Rc7 Bg4 39. Re3 exd4 40. Ree7 Bxh5 41. Rxg7+ Kf8 42. Rh7 Kg8 43. Kb2 c5 44. f4 c4 45. Rcg7+ Kf8 46. f5 Rd6 47. Rb7 Kg8 48. Rhc7 Rf6 49. Rxb5 Rf7 50. Rxc4 Be2 51. Rb8+ Kg7 52. Rxd4 Rxf5 53. Rd7+ Kg6 54. Rd6+ Rf6 55. Rxf6+ Kxf6 56. Kc3 1-0

[Event "RA-2011-0-00132"]
[Site "LSS email"]
[Date "2011.05.17"]
[Round "?"]
[White "Skeels, Jim"]
[Black "Sigurdsson, Johann Helgi"]
[Result "0-1"]
[WhiteElo "2230"]
[BlackElo "2227"]
[PlyCount "200"]
[EventDate "2011.04.05"]
[EventType "tourn (corr)"]
[EventRounds "6"]
[EventCountry "GER"]
[SourceTitle "Telechess CBM 151"]
[Source "ChessBase"]
[SourceDate "2012.11.13"]
[SourceVersion "1"]
[SourceVersionDate "2012.11.13"]
[SourceQuality "1"]

1. d4 d5 2. c4 e6 3. Nc3 c5 4. cxd5 cxd4 5. Qa4+ Bd7 6. Qxd4 exd5 7. Qxd5 Nf6 8. Qd1 Nc6 9. Nf3 Bc5 10. e3 Qe7 11. Be2 0-0-0 12. 0-0 g5 13. b4 Bxb4 14. Bb2 g4 15. Nd4 Rhg8 16. Ncb5 Kb8 17. Rb1 a6 18. Qc2 Rc8 19. Nxc6+ Rxc6 20. Qb3 Bc5 21. Bxf6 Rxf6 22. Nd4 Bc8 23. Rfd1 Rgg6 24. Bc4 Rh6 25. Bd5 Qe5 26. g3 Rb6 27. Qc4 Bxd4 28. exd4 Qf5 29. Rbc1 Rhf6 30. Rd2 Rb1 31. Bg2 Rfb6 32. Rdd1 R6b2 33. Qc7+ Ka7 34. Rf1 Rxc1 35. Qxc1 Rxa2 36. d5 Kb8 37. d6 Rc2 38. Qe3 Qc5 39. Qd3 Bd7 40. Qb3 b5 41. Qxf7 Qxd6 42. Qxh7 Rc4 43. Re1 Bc8 44. Qf7 Rc3 45. Qg8 Ka7 46. Qg7+ Rc7 47. Qb2 b4 48. Qe2 a5 49. Qe4 Rc5 50. Qe3 Kb6 51. Qe8 Rc3 52. Bf1 Ka7 53. Bg2 Rc7 54. Qe4 Rc3 55. Qe8 Kb6 56. Bf1 Rc5 57. Bg2 b3 58. Bf1 Qd5 59. Bg2 Qd7 60. Qg6+ Ka7 61. Qe4 Qd6 62. Qa8+ Kb6 63. Rb1 Rc3 64. Rxb3+ Rxb3 65. Qxc8 a4 66. Be4 Ka5 67. Qxg4 a3 68. Qg8 a2 69. Qa8+ Qa6 70. Qd8+ Kb4 71. Qd2+ Ka3 72. Qc1+ Ka4 73. Bc6+ Kb4 74. Qd2+ Rc3 75. Qb2+ Kc4 76. Qe2+ Rd3 77. Bb5+ Qxb5 78. Qxa2+ Kd4 79. Qa7+ Ke4 80. Qe7+ Qe5 81. Qb7+ Qd5 82. Qb4+ Kf5 83. Qf8+ Ke6 84. Qe8+ Kd6 85. Qd8+ Kc6 86. Qf6+ Kc5 87. Qf8+ Kc4 88. Qc8+ Kb3 89. Qb8+ Kc2 90. Qc8+ Rc3 91. Qb8 Rc4 92. h4 Re4 93. Kh2 Re1 94. Qc8+ Kd2 95. Kh3 Qh1+ 96. Kg4 Qe4+ 97. Kg5 Qd4 98. Kh6 Qf6+ 99. Kh5 Re7 100. Qg8 Re5+ 0-1

[Event "ZH-2011-0-00573"]
[Site "LSS email"]
[Date "2011.05.03"]
[Round "?"]
[White "Sigurdsson, Johann Helgi"]
[Black "Obukhov, Gennady Nikolaevich"]
[Result "1/2-1/2"]
[WhiteElo "2043"]
[BlackElo "2008"]
[PlyCount "38"]
[EventDate "2011.04.14"]
[EventType "match (corr)"]
[EventRounds "2"]
[EventCountry "GER"]
[SourceTitle "Telechess CBM 145"]
[Source "Chessbase"]
[SourceDate "2011.11.11"]
[SourceVersion "1"]
[SourceVersionDate "2011.11.11"]
[SourceQuality "1"]

1. c4 e5 2. g3 f5 3. d4 exd4 4. Qxd4 Nf6 5. Nc3 Nc6 6. Qe3+ Qe7 7. Bg2 Qxe3 8. Bxe3 Bb4 9. Bd2 d6 10. Nd5 Bxd2+ 11. Kxd2 Nxd5 12. cxd5 Ne7 13. Rc1 c5 14. dxc6 bxc6 15. Nh3 Rb8 16. b3 c5 17. Rhd1 h6 18. Ke1 Rb6 19. Nf4 g5 1/2-1/2

[Event "BI-2011-P-00002"]
[Site "LSS email"]
[Date "2011.04.17"]
[Round "?"]
[White "Sigurdsson, Johann Helgi"]
[Black "Balazs, Gabor"]
[Result "1-0"]
[WhiteElo "2227"]
[BlackElo "687"]
[PlyCount "53"]
[EventDate "2011.04.20"]
[EventType "tourn (corr)"]
[EventRounds "10"]
[EventCountry "GER"]
[SourceTitle "Telechess CBM 151"]
[Source "ChessBase"]
[SourceDate "2012.11.13"]
[SourceVersion "1"]
[SourceVersionDate "2012.11.13"]
[SourceQuality "1"]

1. c4 Nf6 2. g3 c6 3. Bg2 d5 4. Nf3 dxc4 5. 0-0 Nbd7 6. Na3 Nb6 7. Qc2 Be6 8. Ng5 Qd7 9. b3 cxb3 10. axb3 g6 11. Nc4 Bxc4 12. bxc4 Qf5 13. d3 e6 14. Qb2 Nfd7 15. Qxh8 Qf6 16. Qxf6 Nxf6 17. Be3 h6 18. Bxb6 a6 19. Ne4 Nxe4 20. Bxe4 f5 21. Bf3 g5 22. Bh5+ Ke7 23. Bc5+ Kd7 24. Bxf8 Rxf8 25. h4 gxh4 26. gxh4 Rg8+ 27. Kh2 1-0

[Event "BI-2011-P-00002"]
[Site "LSS email"]
[Date "2011.04.17"]
[Round "?"]
[White "Sigurdsson, Johann Helgi"]
[Black "Kolar, Jaroslav"]
[Result "1-0"]
[WhiteElo "2227"]
[BlackElo "2004"]
[PlyCount "95"]
[EventDate "2011.04.20"]
[EventType "tourn (corr)"]
[EventRounds "10"]
[EventCountry "GER"]
[SourceTitle "Telechess CBM 151"]
[Source "ChessBase"]
[SourceDate "2012.11.13"]
[SourceVersion "1"]
[SourceVersionDate "2012.11.13"]
[SourceQuality "1"]

1. c4 c5 2. g3 Nf6 3. Bg2 d5 4. cxd5 Nxd5 5. Nc3 Nc7 6. Nf3 Nc6 7. 0-0 e5 8. a3 f6 9. e3 Be7 10. d4 cxd4 11. exd4 exd4 12. Ne2 Ne6 13. b4 d3 14. Nf4 Nxf4 15. Bxf4 Bg4 16. Qb3 Qd7 17. Rfe1 a6 18. Rad1 Rd8 19. Qc3 0-0 20. Re3 Qc8 21. Rexd3 Kh8 22. h4 Rxd3 23. Rxd3 Bf5 24. Re3 Rd8 25. h5 Bd6 26. Bxd6 Rxd6 27. Qc5 Rd8 28. a4 Be6 29. b5 axb5 30. axb5 Rd5 31. Qb6 Nd8 32. Bh3 Rd1+ 33. Kh2 Qc1 34. Bg2 Qc4 35. Re1 Rd5 36. Nh4 Qxb5 37. Rxe6 Nxe6 38. Qxe6 Re5 39. Qd6 Qe8 40. h6 Qf7 41. hxg7+ Kxg7 42. g4 h5 43. Nf5+ Kh8 44. Qd8+ Kh7 45. f4 Re1 46. Qd2 Ra1 47. Qd3 Ra2 48. Kg3 1-0